01067 2200337 4500001002100000005001500021035002000036007000300056008004100059020002200100082001400122084001600136100002800152245012300180250003200303300004500335650000900380700002900389700004600418700003400464504002500498264003200523336002100555337003000576338002300606040002200629090002200651850001200673999002200685990002200707INLIS00000000087929520230619085705 a0010-0623000368ta230619b2023 xx a g ind d a978-623-02-6322-404223a641.1 a641.1 NUR b0 aNurul AfifahePengarang10aBuku ajar manajemen gizi daur hidup /cNurul Afifah, Reny Noviasty, Ratih Wirapuspita Wisnuwardani, Erri Larene Safika aCetakan pertama, April 2023 ax, 126 halaman :bgambar, tabel ;c23 cm04aGizi0 aReny NoviastyePengarang0 aRatih Wirapuspita WisnuwardaniePengarang0 aErri Larene SafikaePengarang aTermasuk bibliografi31aSleman :bDeepublish,c2023 2rdacontentateks 2rdamediaatanpa perantara 2rdacarrieravolume aYOPDYOGbinderda aCB-D.11 2023-0834 aYOPDYOG aCB-D.11/2023-0834 aCB-D.11/2023-0834